000
00340nam a2200133 a 4500
005
20140414132051.0
008
110712s19uu xx 00 eng d
050
_a
REF 031
_b
CHI V.4
245
_a
Childcraft: World and Space.
260
_a
Chicago :
_b
World Book, Inc.,
_c
1987.
440
_a
Childcraft
650
_a
Earth
999
_c
114168
_d
114168